000 00902nam a22003257a 4500
001 BR2014006240
003 BR-BrBNA
005 20230928104511.0
007 ta
008 230509b bl.||||| |||| 00| 0 por d
040 _aBR-BrBNA
_bpor
_cBiblioteca Nacional de Agricultura
041 _a(Por)
072 _aF40; L20
090 _ F40 BR2014006240
100 1 _aRicklefs, R.E.
100 1 _aBueno, C. (trad.)
100 1 _aLima-e-Silva, P.P. de (trad)
100 1 _aMousinho, P. (trad.)
245 1 _aA economia da natureza
250 1 _a5. ed.
260 3 _aRio de Janeiro, RJ (Brasil):
_bGuanabara koogan,
_c2003.
300 _a503 p.
500 _aIncludes several bibliographies; Summary (Por); 537 illus.; 35 tables
650 _aNATUREZA
650 _aECOSSISTEMA
650 _aPOPULAÇÃO
650 _aECONOMIA
909 _a202309
_bLucia
_c55
_dLucia Elande
942 _cBK
999 _c80269
_d80269